[Event "LSS No Engine Cup 227 Preliminary 0"]
[Site "LSS email"]
[Date "2022.05.26"]
[Round "?"]
[White "Heiser, Jerome"]
[Black "Filipovich, Aliaksandr"]
[Result "0-1"]
[WhiteElo "747"]
[BlackElo "1600"]
[PlyCount "86"]
[EventDate "2022.05.26"]
[EventType "tourn (corr)"]
[EventRounds "6"]
[EventCountry "GER"]
[SourceTitle "Corr 2024"]
[Source "ChessBase"]
[SourceDate "2023.10.19"]
[SourceVersion "1"]
[SourceVersionDate "2023.10.19"]
[SourceQuality "1"]

1. e4 c5 2. Bc4 e6 3. Nc3 Nc6 4. Nf3 Nf6 5. d3 d6 6. 0-0 Be7 7. d4 cxd4 8. Nxd4 Qc7 9. Re1 a6 10. Nxc6 Qxc6 11. Bb3 0-0 12. e5 dxe5 13. Rxe5 Rd8 14. Bd5 Nxd5 15. Nxd5 Rxd5 16. Rxd5 Qxd5 17. Qxd5 exd5 18. Be3 Bf5 19. c3 Rc8 20. h3 b5 21. Bd4 Bc5 22. Bxc5 Rxc5 23. g4 Be6 24. a4 bxa4 25. Rxa4 Bc8 26. Kg2 Kf8 27. Kg3 Ke7 28. f4 Kd6 29. Rb4 Rb5 30. Rxb5 axb5 31. Kf3 Kc5 32. Ke3 Kc4 33. f5 Kb3 34. Kd4 Kxb2 35. Kd3 Ba6 36. Kd4 Kb3 37. h4 Bb7 38. g5 Bc6 39. h5 Bd7 40. f6 gxf6 41. gxf6 Be6 42. h6 Kc2 43. Kc5 Kxc3 0-1

[Event "LSS No Engine Cup 227 Preliminary 0"]
[Site "LSS email"]
[Date "2022.05.26"]
[Round "?"]
[White "Kolanek, Sylwia"]
[Black "Filipovich, Aliaksandr"]
[Result "1-0"]
[WhiteElo "2201"]
[BlackElo "1600"]
[PlyCount "41"]
[EventDate "2022.05.26"]
[EventType "tourn (corr)"]
[EventRounds "6"]
[EventCountry "GER"]
[SourceTitle "Corr 2024"]
[Source "ChessBase"]
[SourceDate "2023.10.19"]
[SourceVersion "1"]
[SourceVersionDate "2023.10.19"]
[SourceQuality "1"]

1. d4 Nf6 2. Nf3 d5 3. c4 dxc4 4. e3 b5 5. a4 b4 6. Bxc4 e6 7. 0-0 Bb7 8. a5 a6 9. Qa4+ Qd7 10. Bd2 Qxa4 11. Rxa4 Bxf3 12. gxf3 Nc6 13. Rc1 Bd6 14. Be1 Kd7 15. Nd2 h5 16. f4 h4 17. Nf3 Ne4 18. Ne5+ Nxe5 19. dxe5 Be7 20. Rd1+ Kc6 21. Rd4 1-0

[Event "OP-2012-0-02274"]
[Site "LSS email"]
[Date "2012.06.30"]
[Round "?"]
[White "Clark, Mark J"]
[Black "Filipovich, Aliaksandr"]
[Result "1-0"]
[WhiteElo "1264"]
[BlackElo "800"]
[PlyCount "39"]
[EventDate "2012.06.28"]
[EventType "tourn (corr)"]
[EventRounds "4"]
[EventCountry "GER"]
[SourceTitle "Telechess CBM 165"]
[Source "ChessBase"]
[SourceDate "2015.03.11"]
[SourceVersion "1"]
[SourceVersionDate "2015.03.11"]
[SourceQuality "1"]

1. c4 Nf6 2. Nc3 d6 3. d4 e6 4. e4 b6 5. Bd3 Bb7 6. Nf3 Be7 7. 0-0 0-0 8. Qc2 Nfd7 9. Bf4 c6 10. Rfe1 Re8 11. Rad1 Na6 12. a3 g6 13. e5 d5 14. cxd5 cxd5 15. Qe2 Bf8 16. Bxa6 Bxa6 17. Qxa6 Nb8 18. Qd3 Nc6 19. h3 Na5 20. Bg5 1-0

[Event "OP-2012-0-02274"]
[Site "LSS email"]
[Date "2012.06.30"]
[Round "?"]
[White "Filipovich, Aliaksandr"]
[Black "Tanti, Joseph G"]
[Result "0-1"]
[WhiteElo "800"]
[BlackElo "1502"]
[PlyCount "24"]
[EventDate "2012.06.28"]
[EventType "tourn (corr)"]
[EventRounds "4"]
[EventCountry "GER"]
[SourceTitle "Corr 2015"]
[Source "ChessBase"]
[SourceDate "2015.07.17"]
[SourceVersion "1"]
[SourceVersionDate "2015.07.17"]
[SourceQuality "1"]

1. b4 e5 2. Bb2 Bxb4 3. Bxe5 Nf6 4. c4 0-0 5. e3 d5 6. Nf3 Nbd7 7. Bb2 Nc5 8. Qc2 Qe7 9. Be2 Qe4 10. Qxe4 dxe4 11. Bxf6 exf3 12. Be7 fxe2 0-1